000
00325nam a22001337a 4500
008
181016b xxu||||| |||| 00| 0 eng d
020
_a
9781472506979
041
_a
eng
080
_a
371
100
_a
46
101
_a
EDU
245
_a
Education and International Development An Introduction
_c
Cowan,T.M
942
_2
udc
_c
BK
999
_c
49832
_d
49832